00487nam a2200193 a 4500001001300000003000900013005001700022008004100039020000800080082001600088100002400104245002400128260003800152300000800190500003500198505002400233650001200257700002400269nice12345678IN_TiNIC20260116012700.0050524s1982 dela grp 000 0 eng  ac700a297.53bZAK aZakariyya, Muhammad aVirtues of Ramadhan aDelhibIslamic Book Servicec1982 a79p aincludes index and biblioraphy2 aBibliography, Index aRamadan1 aZakariyya, Muhammad